000 00234nmm a2200085Ia 4500
008 220120s9999||||xx |||||||||||||||||und||
100 _aIT
_910698
245 0 _aMultimedia ; office 1.0.3, ; open office, office productivit
260 _c2006
999 _c138529
_d138529